000 00280nam a2200097Ia 4500
008 240331s9999 xx 000 0 und d
082 _bGUP
100 _aGupta, J.A
245 0 _aNew freedoms, new dependencies :
_bnew reproductive technologies, women's health and autonomy
942 _cL
999 _c1492
_d1492